01569nam a2200337 a 4500001001000000005001700010008004100027041000800068044000700076084002000083100005000103245008200153260003900235300001900274440003900293500019600332500009600528500010400624500001200728546002500740650005700765650006100822650003900883650005000922700005700972740005001029902000801079942001101087999001501098952011801113BRCA_298620190320204046.0231208s1930----sp-#---###---#000-0#cat-u acat asp a309b.L68c19301 aCervantes Saavedra, Miguel ded1547-1616921310aL´enginyós Cavaller Don Quixot de la ManchacMiguel de Cervantes Saavedra. aBarcelonabAntoni Lópezc[1930?] a280 p.c16 cm. 0aColecció D´Obres Selectes98270 aContenido : Primera parte. Dedicatoria del autor. Prólogo de Givanel y Mas. Prólogo del autor. Versos preliminares. Texto. Segunda parte. Dedicatoria del autor. Prólogo del autor. Texto aEdición : Traducció de Antoni Bulbena i Tusell in amb un próleg de Joan Givanel i Mas aEjemplar por completo igual al anterior. Tela; lomera decorada con filetes dorados Lúdovik Osterc aQM1132A aTexto en : catalán14aNovela españolayÉpoca clásica, 1500-1700921514aLiteratura españolayÉpoca clásica, 1500-1700921614aNovela españolaySiglo XVII921714aDon Quijote (Personaje ficticio)eNovela92181 aBulbena i Tusell, Antonid1854-1946eTraductor982710 aEl Ingenioso Hidalgo Don Quijote de la Mancha aQFM 2lcccB c2725d2725 00104070aBRCAbBRCAd2008-12-23iQM1132Al0o309 .L68 1930 (QM1132A)p2983r2019-03-22 00:00:00w2019-03-22yB